Popularne sosy w polsce - Statystyki

Ogólne statystyki
  • Ten quiz został rozwiązany 30 razy
  • Średni wynik to 8 z 14
Statystyki odpowiedzi
Firmy % Poprawnych
Winiary
96%
Pudliszki
93%
Heinz
75%
Kielecki
75%
Roleski
71%
Kotlin
68%
Kamis
54%
Hellmann's
46%
Włoclawek
43%
Dawtona
36%
Develey
32%
Madero
32%
Fanex
21%
Kania
18%
Nie znaleziono quizów pasujących do podanych kryteriów
Rozkład punktacji
Procent ludzi z każdym wynikiem
Percentyl według liczby udzielonych odpowiedzi
Twoja historia wyników
Nie rozwiązałeś tego quizu